| 000 | 00958nam a2200265Ia 4500 | ||
|---|---|---|---|
| 003 | OSt | ||
| 005 | 20221005111618.0 | ||
| 006 | a|||||r|||| 00| 0 | ||
| 007 | ta | ||
| 008 | 221004b |||||||| |||| 00| 0 hin d | ||
| 020 |
_a9789381313497 (hbk) _c350 |
||
| 024 | _a20569 | ||
| 037 |
_b278, 10/03/2015, Eastern Book Linkers _cTextual |
||
| 040 |
_aCRL _cCRL _bhin |
||
| 041 |
_2hin _ahin |
||
| 082 | _aR6,33, Q4 | ||
| 100 | _aगुप्त, हरि नारायण | ||
| 245 | 0 | _aभारतीय दर्शन में भौतिकवाद | |
| 246 | _aBhāratīya darshan mean bhautikavāda | ||
| 260 |
_aपटना _bजानकी प्रकाशन भारत _c2014 |
||
| 300 |
_a127प्ृ0 _ccm. |
||
| 650 | _aभारतीय दर्शन | ||
| 942 |
_hR6,33, Q4 _cTEXL _2cc |
||
| 999 |
_c1022352 _d1022352 |
||